000 00446nam a2200181Ia 4500
005 20250423101004.0
008 250422s9999 xx 000 0 und d
020 _a9780486210797
050 _aQB 802 .A45/
100 _aAllen, Richard Hinckley
245 0 _aStar names, their lore and meaning
260 _aNew York
260 _bDover pulications, Inc.
260 _c1963
300 _a563 p
650 _aConstellations.
942 _cBK
999 _c34950
_d34950